|
|
|
|
| LEADER |
00000nam a22000007a 4500 |
| 005 |
20130327082304.0 |
| 007 |
cr|||| |||| |
| 008 |
130327e2008 sp |||||s|||| 00||0 spa d |
| 020 |
|
|
|a 978-84-7658-882-6
|
| 035 |
|
|
|a 10917
|
| 040 |
|
|
|a vLex
|
| 090 |
|
|
|c 4037
|d 4037
|
| 100 |
1 |
0 |
|a Bergalli, Roberto
|
| 245 |
0 |
0 |
|a Poder acadm̌ico y educacin̤ legal
|h [Recurso electrn̤ico]
|c / Roberto Bergalli, Iąki Rivera Beiras
|
| 256 |
|
|
|a Servicio en ln̕ea
|
| 260 |
|
|
|a Barcelona :
|b Editorial Anthropos,
|c 2008
|
| 300 |
|
|
|a 1 Recurso electrn̤ico
|
| 506 |
|
|
|d vLex Global
|d vLex Global (Academic Edition, excluding Law Schools)
|d vLex Global (U.S. Academic Edition, Law Schools)
|d vLex Global (U.S. Academic Edition, excluding Law Schools)
|d vLex Global (Academic Edition, Law Schools)
|
| 650 |
0 |
4 |
|a Filosofa̕ del Derecho
|
| 700 |
1 |
0 |
|a Rivera Beiras, Iąki
|
| 740 |
|
|
|a vLex Libros (Servicio en ln̕ea)
|
| 856 |
|
|
|a Acceso restringido
|u http://www.vlex.es/source/10917
|
| 942 |
|
|
|c BOOK
|
| 999 |
|
0 |
|a Law
|